Můj život s křídlovkou : vzpomínky kapelníka Mistříňanky Antonína Pavluše /

Hlavní autor: Pavluš, Antonín, 1947-
Další autoři: Synek, František, 1956-
Jazyk: Čeština
Vydáno: [Mistřín] : Mistříňanka, družstvo hudebníků, [2017]
Vydání: První vydání
Témata:
Fyzický popis: 164 stran : ilustrace, portréty, noty, faksimile ; 22 cm
Knihy
Uloženo v:
LEADER 02644nam a2200673 i 4500
001 nkc20193086823
003 CZ PrNK
005 20201125144714.0
007 ta
008 190403t20172017xr acghe 000 0acze
015 |a cnb003086823 
020 |a 978-80-270-8789-1  |q (v knize neuvedeno ;  |q vázáno) 
035 |a (OCoLC)1226361413 
040 |a BOA001  |b cze  |d ABA001  |e rda 
043 |a e-xr--- 
045 |a x4y1 
072 7 |a 78.07  |x Hudebníci, skladatelé a jiná hudební povolání  |2 Konspekt  |9 9 
072 7 |a 929  |x Biografie  |2 Konspekt  |9 8 
080 |a 78.071.1/.2  |2 MRF 
080 |a 78.071.2  |2 MRF 
080 |a 785.16.071  |2 MRF 
080 |a 785.12  |2 MRF 
080 |a 929  |2 MRF 
080 |a (437.3)  |2 MRF 
080 |a (047.53)  |2 MRF 
080 |a (0:82-94)  |2 MRF 
100 1 |a Pavluš, Antonín,  |d 1947-  |7 mzk2005300590  |4 aut 
245 1 0 |a Můj život s křídlovkou :  |b vzpomínky kapelníka Mistříňanky Antonína Pavluše /  |c František Synek 
250 |a První vydání 
264 1 |a [Mistřín] :  |b Mistříňanka, družstvo hudebníků,  |c [2017] 
264 4 |c ©2017 
300 |a 164 stran :  |b ilustrace, portréty, noty, faksimile ;  |c 22 cm 
336 |a text  |b txt  |2 rdacontent 
337 |a bez média  |b n  |2 rdamedia 
338 |a svazek  |b nc  |2 rdacarrier 
500 |a Záznam vyprávění, přepis, sestavení a redakce František Synek 
500 |a 2000 výtisků 
600 1 7 |a Pavluš, Antonín,  |d 1947-  |7 mzk2005300590  |2 czenas 
610 2 7 |a Mistříňanka (hudební skupina)  |7 ko2002149749  |2 czenas 
648 7 |a 20.-21. století  |7 ch462155  |2 czenas 
648 4 |a 1947-2017 
650 0 7 |a hudebníci  |7 ph117204  |z Česko  |y 20.-21. století  |2 czenas 
650 0 7 |a kapelníci  |7 ph694863  |z Česko  |y 20.-21. století  |2 czenas 
650 0 7 |a hudební skupiny  |7 ph120924  |z Česko  |y 20.-21. století  |2 czenas 
650 0 7 |a dechová hudba  |7 ph119353  |z Česko  |y 20.-21. století  |2 czenas 
650 0 9 |a musicians  |z Czechia  |y 20th-21st centuries  |2 eczenas 
650 0 9 |a bandmasters  |z Czechia  |y 20th-21st centuries  |2 eczenas 
650 0 9 |a musical groups  |z Czechia  |y 20th-21st centuries  |2 eczenas 
650 0 9 |a brass music  |z Czechia  |y 20th-21st centuries  |2 eczenas 
655 7 |a rozhovory  |7 fd133303  |2 czenas 
655 7 |a autobiografické vzpomínky  |7 fd131854  |2 czenas 
655 9 |a interviews  |2 eczenas 
655 9 |a autobiographical reminiscences  |2 eczenas 
700 1 |a Synek, František,  |d 1956-  |7 ola2002110000  |4 aut  |4 com  |4 edt 
910 2 |a BOA001  |b 2-1425.760 
990 |a BK 
995 |a 01 
991 |b 201904  |c NOV 
996 6 |b 2610778541  |c 2-1425.760  |l MZK  |r Sklad / do 1 hodiny  |n 0  |p p.v.  |w 001717812  |u 000010  |a 1  |e BOA001  |j MZK50  |s P